| 000 | 00669nam a2200217 a 4500 | ||
|---|---|---|---|
| 001 | BRCA_5467 | ||
| 005 | 20190320205106.0 | ||
| 008 | 271210s1922----fr-a######---#000-0#fre-# | ||
| 041 | _afre | ||
| 044 | _afr | ||
| 050 | 4 |
_aN8070 _b.G73 1922 |
|
| 100 | 1 |
_aGranger, M. Albert _913969 |
|
| 245 | 1 | 0 |
_aEssai sur la Technique des Anciens Émaux _cpar M. Albert Granger. |
| 260 |
_aParís _bLibrarie Ancienne Honoré Champion Édouard Champion _c1922 |
||
| 300 |
_a34 p. _bil. _c28 cm |
||
| 500 | _aEstado físico: encuadernado, enero 2013 | ||
| 500 | _aDonación Dr. Héctor Rivero Borrell Vázquez | ||
| 650 | 1 | 4 |
_aArte religioso _92845 |
| 902 | _aDHR | ||
| 942 |
_2lcc _cB |
||
| 999 |
_c5161 _d5161 |
||